Statistics for Kanye West albums

Click here to take the quiz!

General Stats

  • This quiz has been taken 459 times
  • The average score is 6 of 10

Answer Stats

Year Albums % Correct
2007Graduation
92%
2004College Dropout
90%
2005Late Registration
88%
2013Yeezus
85%
2010My Beautiful Dark Twisted Fantasy
72%
2011Watch the Throne
63%
2008808s & Heartbreak
41%
2006Late Orchestration
23%
2015SWISH
10%
2005Freshman Adjustment
6%

Score Distribution

Percentile by Number Answered

Percent of People with Each Score

Your Score History

You have not taken this quiz